Hodnotenie úverového rizika so zameraním na mikroúvery diplomová práca

Gespeichert in:
Bibliographische Detailangaben
1. Verfasser: Polaček, Jozef
Körperschaft: Národohospodárska fakulta EU. Katedra financií
Weitere Verfasser: Lauko, Marcel
Format: Buch
Sprache:Slowakisch
Veröffentlicht: Bratislava 2009
Tags: Tag hinzufügen
Keine Tags, Fügen Sie das erste Tag hinzu!

MARC

LEADER 00000nam$a2200000$$$4500
001 0096794
005 20240318141348.7
041 0 |a slo 
044 |a SK 
245 1 0 |a Hodnotenie úverového rizika so zameraním na mikroúvery  |b diplomová práca  |c Jozef Polaček ; škol. Marcel Lauko 
264 1 |a Bratislava  |c 2009 
300 |a 81 s. 
100 1 |a Polaček, Jozef 
700 1 |a Lauko, Marcel 
710 2 |a Národohospodárska fakulta EU. Katedra financií